ARRUPE JESUIT UNIVERSITY

CORONAVIRUS -STOP THE SPREAD - CLEAN,DISINFECT,COVER

Saint Joan (Record no. 127161)

MARC details
000 -LEADER
fixed length control field 00963cam a2200289 a 4500
001 - CONTROL NUMBER
control field 4298498
003 - CONTROL NUMBER IDENTIFIER
control field ARRUPE
005 - DATE AND TIME OF LATEST TRANSACTION
control field 20240709104005.0
008 - FIXED-LENGTH DATA ELEMENTS--GENERAL INFORMATION
fixed length control field 861229s1987 nyu b 001 0 eng
010 ## - LIBRARY OF CONGRESS CONTROL NUMBER
LC control number 86033453
020 ## - INTERNATIONAL STANDARD BOOK NUMBER
International Standard Book Number 1555460305 (alk. paper) :
Terms of availability $19.95
040 ## - CATALOGING SOURCE
Original cataloging agency DLC
Transcribing agency DLC
Modifying agency DLC
050 00 - LIBRARY OF CONGRESS CALL NUMBER
Classification number PR-206-1
082 00 - DEWEY DECIMAL CLASSIFICATION NUMBER
Classification number 822/.912
Edition number 19
300 ## - PHYSICAL DESCRIPTION
Dimensions 24 cm.
100 ## - MAIN ENTRY--PERSONAL NAME
Personal name Shaw, Bernard
9 (RLIN) 37314
245 00 - TITLE STATEMENT
Title Saint Joan
Statement of responsibility, etc / Bernard Shaw
Remainder of title edited and with an introduction by Harold Bloom.
260 ## - PUBLICATION, DISTRIBUTION, ETC. (IMPRINT)
Place of publication, distribution, etc New York :
Name of publisher, distributor, etc Chelsea House Publishers,
Date of publication, distribution, etc 1987.
300 ## - PHYSICAL DESCRIPTION
Extent vii, 147 p. ;
440 #0 - SERIES STATEMENT/ADDED ENTRY--TITLE
Title Modern critical interpretations
9 (RLIN) 37246
500 ## - GENERAL NOTE
General note Includes index.
504 ## - BIBLIOGRAPHY, ETC. NOTE
Bibliography, etc Bibliography: p. 139-140.
600 10 - SUBJECT ADDED ENTRY--PERSONAL NAME
Personal name Shaw, Bernard,
Dates associated with a name 1856-1950.
Title of a work Saint Joan.
9 (RLIN) 37315
600 00 - SUBJECT ADDED ENTRY--PERSONAL NAME
Personal name Joan,
Titles and other words associated with a name of Arc, Saint,
Dates associated with a name 1412-1431
General subdivision In literature.
9 (RLIN) 37316
700 1# - ADDED ENTRY--PERSONAL NAME
Personal name Bloom, Harold.
9 (RLIN) 37317
906 ## - LOCAL DATA ELEMENT F, LDF (RLIN)
a 7
b cbc
c orignew
d 1
e ocip
f 19
g y-gencatlg
942 ## - ADDED ENTRY ELEMENTS (KOHA)
Source of classification or shelving scheme Library of Congress Classification
Koha item type Monograph ( Printed materials)
Holdings
Withdrawn status Lost status Source of classification or shelving scheme Damaged status Not for loan Collection code Home library Current library Shelving location Date acquired Total Checkouts Full call number Barcode Date last seen Price effective from Koha item type
    Library of Congress Classification     Main Collection ARRUPE COLLEGE BOOKSTORE ARRUPE COLLEGE BOOKSTORE Main Collection 27/10/2017   PR-206-1 46500026320 27/10/2017 27/10/2017 Monograph ( Printed materials)
    Library of Congress Classification     Main Collection ARRUPE COLLEGE BOOKSTORE ARRUPE COLLEGE BOOKSTORE Main Collection 27/10/2017   PR-206-2 46500026319 27/10/2017 27/10/2017 Monograph ( Printed materials)
    Library of Congress Classification     Main Collection ARRUPE COLLEGE BOOKSTORE ARRUPE COLLEGE BOOKSTORE Main Collection 27/10/2017   PR-206-3 46500026324 27/10/2017 27/10/2017 Monograph ( Printed materials)
    Library of Congress Classification     Main Collection ARRUPE COLLEGE BOOKSTORE ARRUPE COLLEGE BOOKSTORE Main Collection 27/10/2017   PR-206-4 46500026323 27/10/2017 27/10/2017 Monograph ( Printed materials)
    Library of Congress Classification     Main Collection ARRUPE COLLEGE BOOKSTORE ARRUPE COLLEGE BOOKSTORE Main Collection 27/10/2017   PR-206-5 46500026322 27/10/2017 27/10/2017 Monograph ( Printed materials)
    Library of Congress Classification     Main Collection ARRUPE COLLEGE BOOKSTORE ARRUPE COLLEGE BOOKSTORE Main Collection 27/10/2017   PR-206-6 46500026327 27/10/2017 27/10/2017 Monograph ( Printed materials)
    Library of Congress Classification     Main Collection ARRUPE COLLEGE BOOKSTORE ARRUPE COLLEGE BOOKSTORE Main Collection 27/10/2017   PR-206-7 46500026326 27/10/2017 27/10/2017 Monograph ( Printed materials)

 

Arrupe Library. PO Box MP320 Mt Pleasant, Harare, Zimbabwe
263 242 745411|librarian@aju.ac.zw